| 000 | 01333nam a2200337Ia 4500 | ||
|---|---|---|---|
| 003 | OSt | ||
| 005 | 20221007125450.0 | ||
| 006 | a|||||r|||| 00| 0 | ||
| 007 | ta | ||
| 008 | 221006b |||||||| |||| 00| 0 eng d | ||
| 020 |
_a3527305890 (pbk) _c _ 50.00 |
||
| 024 | _a10962 | ||
| 037 |
_bEducational, _cTextual |
||
| 040 |
_aCDL _cCDL _beng |
||
| 041 |
_2eng _aeng |
||
| 082 | _aE:218:(B), P3-;1 | ||
| 100 |
_aHoltje Hans-Dieter _9448295 |
||
| 245 | 0 |
_aMolecular modeling: basic principles and application by Hans-Dieter Holtje _b Sippl Wolfgang Rognan Didier Folkers Gerd |
|
| 250 | _aEd 2 | ||
| 260 |
_aWeinheim _bWiley-VCH Verlag _c2003 |
||
| 300 |
_axii, 228p _ccm. |
||
| 500 | _aIncludes bibliographical references; Index 237-228p; ^n23/CSL/CARC/2003-2004/774^d2003-09-18^mPurchase; ; 2003-04/295^b2003-10-20^cEBA/658/2003-04^d2003-10-08^eRs.3,994.00^fEducational Book Agency (India); ; 2003-11-26^bSB^c2003-11-26^dVinay | ||
| 650 |
_a Modeling _9721976 |
||
| 650 |
_a Molecular structure _9713791 |
||
| 650 | _aChemistry | ||
| 700 |
_a Folkers Gerd _9721977 |
||
| 700 |
_a Rognan Didier _9721978 |
||
| 700 |
_a Sippl Wolfgang _9448296 |
||
| 942 |
_hE:218:(B), P3-;1 _cTEXL _2CC |
||
| 999 |
_c1215329 _d1215329 |
||